<?xml version="1.0" encoding="UTF-8"?>
<record
    xmlns:xsi="http://www.w3.org/2001/XMLSchema-instance"
    xsi:schemaLocation="http://www.loc.gov/MARC21/slim http://www.loc.gov/standards/marcxml/schema/MARC21slim.xsd"
    xmlns="http://www.loc.gov/MARC21/slim">

  <leader>00695nam a2200181Ia 4500</leader>
  <controlfield tag="008">090630s9999    xx            000 0 und d</controlfield>
  <datafield tag="082" ind1=" " ind2=" ">
    <subfield code="b">26254</subfield>
  </datafield>
  <datafield tag="100" ind1=" " ind2=" ">
    <subfield code="a">&#x905;&#x928;&#x941;. &#x915;&#x93F;&#x923;&#x940;&#x915;&#x930; &#x930;&#x949;&#x92F;.</subfield>
  </datafield>
  <datafield tag="245" ind1=" " ind2=" ">
    <subfield code="a">&#x90F;&#x915;&#x926;&#x93E;&#x91A; &#x905;&#x936;&#x940; &#x930;&#x93E;&#x924;&#x94D;&#x930; &#x92F;&#x947;&#x924;&#x947;.</subfield>
    <subfield code="c">&#x905;&#x928;&#x941;. &#x915;&#x93F;&#x923;&#x940;&#x915;&#x930; &#x930;&#x949;&#x92F;.</subfield>
  </datafield>
  <datafield tag="260" ind1=" " ind2=" ">
    <subfield code="b">&#x921;&#x93E;&#x92F;&#x92E;&#x902;&#x921; - &#x92A;&#x941;&#x923;&#x947;.</subfield>
    <subfield code="c">2007</subfield>
  </datafield>
  <datafield tag="300" ind1=" " ind2=" ">
    <subfield code="a">127</subfield>
  </datafield>
  <datafield tag="600" ind1=" " ind2=" ">
    <subfield code="a">&#x905;&#x928;&#x941;. &#x915;&#x93F;&#x923;&#x940;&#x915;&#x930; &#x930;&#x949;&#x92F;.</subfield>
  </datafield>
  <datafield tag="630" ind1=" " ind2=" ">
    <subfield code="a">&#x90F;&#x915;&#x926;&#x93E;&#x91A; &#x905;&#x936;&#x940; &#x930;&#x93E;&#x924;&#x94D;&#x930; &#x92F;&#x947;&#x924;&#x947;.</subfield>
  </datafield>
  <datafield tag="655" ind1=" " ind2=" ">
    <subfield code="a">&#x932;&#x918;&#x941;&#x915;&#x925;&#x93E;.</subfield>
  </datafield>
  <datafield tag="700" ind1=" " ind2=" ">
    <subfield code="a">&#x905;&#x928;&#x941;. &#x915;&#x93F;&#x923;&#x940;&#x915;&#x930; &#x930;&#x949;&#x92F;.</subfield>
  </datafield>
  <datafield tag="730" ind1=" " ind2=" ">
    <subfield code="a">&#x90F;&#x915;&#x926;&#x93E;&#x91A; &#x905;&#x936;&#x940; &#x930;&#x93E;&#x924;&#x94D;&#x930; &#x92F;&#x947;&#x924;&#x947;.</subfield>
  </datafield>
  <datafield tag="942" ind1=" " ind2=" ">
    <subfield code="c">BOOK</subfield>
  </datafield>
  <datafield tag="999" ind1=" " ind2=" ">
    <subfield code="c">278110</subfield>
    <subfield code="d">278110</subfield>
  </datafield>
  <datafield tag="952" ind1=" " ind2=" ">
    <subfield code="0">0</subfield>
    <subfield code="1">0</subfield>
    <subfield code="4">0</subfield>
    <subfield code="7">0</subfield>
    <subfield code="a">SAWASHRI</subfield>
    <subfield code="b">SAWASHRI</subfield>
    <subfield code="d">0000-00-00</subfield>
    <subfield code="g">120.00</subfield>
    <subfield code="l">0</subfield>
    <subfield code="o">26254</subfield>
    <subfield code="p">SAWASHRI-26254</subfield>
    <subfield code="r">2009-06-30 00:00:00</subfield>
    <subfield code="v">120.00</subfield>
    <subfield code="w">2009-06-30</subfield>
    <subfield code="y">BOOK</subfield>
  </datafield>
</record>
